00370nam a22001337a 4500040000900000100002500009245001900034250000800053260003200061300001000093942001200103999001900115952010200134 cSCME aWhite Frank M.93282 aFluid Mechanic a8th aNew YorkbMcGraw Hillc2016 a807p. 2ddccBK c592688d592688 00102ddc4070aSCMEbSCMEcCARTd2022-12-14l0o532W571FpSCME-4835r2022-12-14w2022-12-14yBK